| 000 | 00686nam a2200205Ia 4500 | ||
|---|---|---|---|
| 001 | 12351 | ||
| 003 | GE_BSU | ||
| 008 | 181216s||||||||xx |||||||||||||| ||und|| | ||
| 040 | _cGE_BSU | ||
| 080 | _a595 | ||
| 100 | _aБёме,Л.Б. | ||
| 245 | _aПевчие птицы:(ловля, содержание и наблюдение за ними в неволе) | ||
| 245 | _cРед.Е.П.Спангенберг | ||
| 260 | _aМосква | ||
| 260 | _bСоветская наука | ||
| 260 | _c1952 | ||
| 300 | _a263стр.илл.21см. | ||
| 653 | _aПевчие птицы:(ловля, содержание и наблюдение за ними в неволе) | ||
| 942 | _cBK | ||
| 999 |
_c45526 _d45526 |
||